000
00334nam a2200145Ia 4500
008
191201s2005 xx 000 0 und d
082
_a
621.38214
_b
EDE
100
_a
EDMINISTER, Joseph A
245
0
_a
Electromagnetics
250
_a
2nd
260
_a
N.Delhi
_b
TMH
_c
2005
300
_a
322
650
_a
B.Tech(ECE)
942
_2
ddc
_c
BK
999
_c
1395
_d
1395